00353nam a2200133Ia 4500008004100000041000800041082001500049100002100064245004400085250000700129260004200136300003200178365000900210240624s9999 xx 000 0 und d aeng a332.61 DAM aDAMODARAN ASWATH aLITTLE BOOK OF VALUATION HOW TO VALUE A a11 c2011aNew JerseybJohn Wiley and Sons axvii, : 230 : p. : cm. ; 18 cb27